Une lettre 1 son de Gazo (rap) - Statistiques

Statistiques générales
  • Ce quiz a été pris 78 fois
  • Le résultat moyen est 15 sur 22
Statistiques - réponses
Lettre Son % Correct
C Connectés - CARTIER - COEUR DE ICE - Ce soir - Ca mène a rien - Casanova - C'est carré le S - CELINE 3X - Canon - CACHE COU
89%
M MAMI WATA - Maybach - M.A.L.A - MOLLY - MAUVAIS 2X - Mode AV - My Men - M'en aller - MON CHER - MALAGANGX
89%
D Dans le noir - Drill Fr ( +4,5,6 ) - DIE - Drill time - Dors on te piétine - Daddy Chocolat
88%
F FIESTA - Flashback - FLEURS - Filtré
82%
B BIRTHDAY - BECTE - BODIES - BOSS - Big Drip - Big Meech - BSB - BOOSKA POIGNARD - Baby
78%
L LDC - LA BELLE ET LA BÊTE - La famine - LA RUE - La Pègre - LETTRE A UN OPPS - Love&Lové - Le classico organisé - LSD
78%
A A.V.S.D - AFRIKANBADMAN - AMBITIONS - A l'envers - A$AP - AR (Saison 999) - Acte de Burberry
74%
H HERMES - HENNESSY - HAINE&SEX
74%
K KAT - KASSAV - KE LO KE
74%
N NANANI NANANA - NOTRE DAME - No makeup - NO LECHE
74%
P Ping Pong - Plus Pareil - PURE CODEI - PROBATION - POP - Picsou - PARKINSON
71%
O OPTIMALE - OUTRO - On se reverra plus - ON A - ORO JACKSON
66%
E ENCORE - Empire - ENCORE PLUS FORT ELLE AIME CA - EUPHON - Everyday Everynight
65%
T TAPER CREER - Toute la noche - TOKI - Terminus - Tu le sais - TCHIN 2X
63%
I iLUV - INTERLUDE - IMPACT - INTRO - INHUMAIN - Inceste
62%
R R.A.S - RAPPEL - Reggae&Calypso
62%
S SELEK - SELELE - SEVICE - SOBAD - Saiyan - Shoot - Sucré Dadi
62%
G GRA GRA BOOM - GROKUWA - GO
60%
W WEMBY - WAYANS
60%
Q QUE DES FAITS - Qwer
52%
J Job - JEUX DANGEREUX - J'encaisse
46%
V Vamos - Validé II - Vrais salauds
32%
Aucun quiz correspondant
Distribution des résultats
% des personnes avec chaque résultat
Percentile par nombre de réponses
Votre historique - résultats
Vous n’avez pas pris ce quiz